000 00879nam a2200217Ii 4500
003 JO-AjNU
008 230605s9999||||xx |||||||||||||| ||und||
017 _a2006/5/1065
040 _aJO-AjNU
_bara
_erda
_cJO-AjNU
041 _aara
050 1 4 _aBP130.4.D4 2006
100 3 _aالعزيزي، محمد رامز عبد الفتاح,
_eauthor
_918912
245 0 0 _aتفسير من أي الذكر الحكيم: تفسير معنى الاستعاذة والبسملة وتفسير سورة الفاتحة وسورة الفتح وسورة الحجرات
250 _aط1
264 3 1 _aعمان: المؤلف، 2006
300 _a144ص
336 _atext
_btxt
_2rdacontent
337 _aunmediated
_bn
_2rdamedia
338 _avolume
_bnc
_2rdacarrier
650 4 _aقران كريم - تفسير - سورة الفاتحة - سورة الفتح - سورة الحجرات
_918913
999 _aA6137
_c9705
_d9705